| 000 | 00712nam a2200241 a 4500 | ||
|---|---|---|---|
| 005 | 20210219152843.0 | ||
| 008 | 991125n 000 0 eng u | ||
| 035 | _aUPN01000063232 | ||
| 100 | _aBukowski, William M | ||
| 222 | _aCHILD DEVELOPMENT | ||
| 245 | _aAge differences in children's memory of information about aggresive, socially withdrawn, and prosociable boys and girls | ||
| 300 | _a1326-134 | ||
| 362 | _a1990 61, No. 5 | ||
| 505 | _aJulio 1991 | ||
| 653 | 0 | _aAGRESIVIDAD | |
| 653 | 0 | _aCONDUCTA ANTISOCIAL | |
| 653 | 0 | _aDIFERENCIAS DE EDAD | |
| 653 | 0 | _aDIFERENCIAS SEXUALES | |
| 653 | 0 | _aINTROVERTIDO (PSICOLOGIA) | |
| 653 | 0 | _aMEMORIA | |
| 904 |
_aAC _b001043 |
||
| 905 | _aArticulo | ||
| 999 |
_c62041 _d62041 |
||